Statistics for All Countries of the World

Click here to take the quiz!

General Stats

  • This quiz has been taken 6 times
  • The average score is 170 of 196

Answers on the Map

Answers color-coded by a green-red scale on the quiz's map according to % correct below.
Loading ...
 

Answer Stats

Country% Correct
Chile
100%
China
100%
Bulgaria
100%
New Zealand
100%
Fiji
100%
Portugal
100%
North Korea
100%
Canada
100%
Norway
100%
Estonia
100%
El Salvador
100%
Brazil
100%
Sweden
100%
Egypt
100%
Ireland
100%
Croatia
100%
Cuba
100%
Japan
100%
Spain
100%
Denmark
100%
Italy
100%
South Africa
100%
Finland
100%
Turkey
100%
France
100%
Mexico
100%
Andorra
100%
Russia
100%
Monaco
100%
Argentina
100%
San Marino
100%
Australia
100%
Vatican City
100%
Saudi Arabia
100%
Bahamas
100%
Germany
100%
Romania
100%
United States
100%
United Kingdom
100%
Belgium
100%
Ukraine
100%
Iceland
100%
Bolivia
100%
South Korea
100%
Philippines
83%
Poland
83%
Republic of the Congo
83%
Qatar
83%
Peru
83%
Afghanistan
83%
Paraguay
83%
Nepal
83%
Moldova
83%
Mongolia
83%
Montenegro
83%
Morocco
83%
Mozambique
83%
Namibia
83%
Nauru
83%
Netherlands
83%
Papua New Guinea
83%
Nicaragua
83%
Niger
83%
Nigeria
83%
Oman
83%
Pakistan
83%
Saint Kitts and Nevis
83%
Palau
83%
Panama
83%
Rwanda
83%
Slovenia
83%
Saint Lucia
83%
Tuvalu
83%
Thailand
83%
Togo
83%
Tonga
83%
Trinidad and Tobago
83%
Tunisia
83%
Turkmenistan
83%
United Arab Emirates
83%
Tajikistan
83%
Uruguay
83%
Uzbekistan
83%
Vanuatu
83%
Venezuela
83%
Vietnam
83%
Yemen
83%
Zambia
83%
Tanzania
83%
Taiwan
83%
Saint Vincent and the
Grenadines
83%
Mauritania
83%
Samoa
83%
Senegal
83%
Serbia
83%
Seychelles
83%
Sierra Leone
83%
Singapore
83%
Slovakia
83%
Solomon Islands
83%
Syria
83%
Somalia
83%
South Sudan
83%
Sri Lanka
83%
Sudan
83%
Suriname
83%
Eswatini
83%
Switzerland
83%
Mauritius
83%
Libya
83%
Marshall Islands
83%
Cyprus
83%
Cape Verde
83%
Central African Republic
83%
Chad
83%
Colombia
83%
Comoros
83%
Costa Rica
83%
Ivory Coast
83%
Czech Republic
83%
Cambodia
83%
Democratic Republic
of the Congo
83%
Dominica
83%
Dominican Republic
83%
East Timor
83%
Ecuador
83%
Equatorial Guinea
83%
Eritrea
83%
Ethiopia
83%
Cameroon
83%
Burundi
83%
Malta
83%
Bangladesh
83%
Algeria
83%
Angola
83%
Antigua and Barbuda
83%
Armenia
83%
Austria
83%
Azerbaijan
83%
Bahrain
83%
Barbados
83%
Myanmar
83%
Belarus
83%
Belize
83%
Benin
83%
Bhutan
83%
Bosnia and
Herzegovina
83%
Botswana
83%
Brunei
83%
Burkina Faso
83%
Federated States of
Micronesia
83%
Gabon
83%
Gambia
83%
Liberia
83%
Kiribati
83%
Kosovo
83%
Kuwait
83%
Kyrgyzstan
83%
Latvia
83%
Lebanon
83%
Lesotho
83%
Albania
83%
Kazakhstan
83%
Liechtenstein
83%
Lithuania
83%
Luxembourg
83%
North Macedonia
83%
Madagascar
83%
Malawi
83%
Malaysia
83%
Mali
83%
Georgia
83%
Kenya
83%
Zimbabwe
83%
Jamaica
83%
Ghana
83%
Greece
83%
Grenada
83%
Guatemala
83%
Guinea
83%
Guinea-Bissau
83%
Guyana
83%
Haiti
83%
Honduras
83%
Hungary
83%
India
83%
Indonesia
83%
Iran
83%
Iraq
83%
Uganda
67%
Djibouti
67%
Laos
67%
São Tomé and Príncipe
67%
Maldives
67%
Israel
67%
Jordan
67%

Score Distribution

Percentile by Number Answered

Percent of People with Each Score

Your Score History

You have not taken this quiz